5S - Program zvyšovania produktivity

Saved in:
Bibliographic Details
Main Author: Džubáková, Martina
Format: Book Chapter
Language:Slovak
Tags: Add Tag
No Tags, Be the first to tag this record!

MARC

LEADER 00000nla$a2200000$$$4500
001 0061817
005 20240502071709.3
041 0 |a slo 
044 |a SK 
245 1 0 |a 5S - Program zvyšovania produktivity  |c Martina Džubáková 
100 1 |a Džubáková, Martina